000 01004nam a22003257a 4500
003 CHAP
005 20220329140148.0
008 971013s1975 r 00010 d
010 _a47924
011 _a48896
035 _a53044
040 _cCHAP
090 _aFolleto 4976y
100 0 0 _aRhodes, Frank H. T.
_997154
245 1 _aGeología
260 _aBarcelona :
_bDaimon,
_c1975
300 _a160 p.
_b: ilus. ; mapas ; gráfs.
490 _aPequeña biblioteca Daimon
_v; 131
590 _aBATCH-UPD
_b10
_c20130110
_lUCH01
_h0209
590 _aBATCH-UPD
_b10
_c20130110
_lUCH01
_h1804
590 _aBATCH-UPD
_b10
_c20130409
_lUCH01
_h2224
590 _aBATCH-UPD
_b10
_c20130410
_lUCH01
_h1140
590 _aBATCH-UPD
_b10
_c20130914
_lUCH01
_h1538
590 _aCONVERSION
_b10
_c20130109
_lUCH01
_h1326
650 1 4 _aGeología.
_947604
830 0 _aPequeña biblioteca Daimon
_v; 131
_986952
901 _aBK
942 _cFOLL
949 _aFolleto 4976y
_bBC
_cFOLL
_d-117845
_eTS1
_i53044
_si
_t65.00
999 _c47924
_d47924